• 首页
  • 本馆介绍
  • 公告通知
  • 最新文献
  • 馆藏检索
  • 电子资源
  • 读者导购
  • 参考咨询
  • 我的图书馆
  • 登录
  • 详细信息显示
  • 放入我的书架
  • 预约/预借图书
  • 作者相关作品
  • 分类相关作品
  • 丛书相关作品
  • 出版社相关作品

书目信息

  • 表格格式
  • 工作单格式
  • 卡片格式
题名:
张爱玲传
    
 
作者: 胡辛 著
分册:  
出版信息: 北京   作家出版社  1996
页数: 390页
开本: 20cm
丛书名: 胡辛自选集
单 册:
中图分类: I247.53 , K825.6=75 , K825.6
科图分类:
主题词: 传记小说--中国--现代 , 传记小说 , 人物--传记--中国
电子资源:
ISBN: 7-5063-0918-1
000 00817oam2 2200301 450
001 1536097356
005 20150123100211.98
010    @a7-5063-0918-1@dCNY20.50
100    @a20030622d1996 em y0chiy50 ea
101 0  @achi
102    @aCN@b110000
105    @aa z 000ad
200 1  @a张爱玲传@9zhang ai ling zhuan@e长篇传记@f胡辛著
210    @a北京@c作家出版社@d1996
215    @a390页@c照片@d20cm
225 2  @a胡辛自选集
461  0 @12001 @a胡辛自选集
600  0 @a张爱玲@c女@f(1920~1995)@x生平事迹
600  0 @a张爱玲@c女@f(1920~1995)
606 0  @a传记小说@y中国@z现代
606 0  @a传记小说
606 0  @a人物@x传记@x中国
690    @aI247.53@v5
690    @aK825.6=75@v5
690    @aK825.6@v4
701  0 @a胡辛@9hu xin@4著
801  0 @aCN@bTSSF@c20150123
905    @aZUCC@dK825.6@eJY27
    
    张爱玲传:长篇传记/胡辛著.-北京:作家出版社,1996
    390页:照片;20cm.-(胡辛自选集)
    
    
    ISBN 7-5063-0918-1:CNY20.50
    
●
相关链接 在E读中查询图书 在五车中查询图书 在当当中查询图书 在豆瓣中查询图书


正题名:张爱玲传     索取号:K825.6/JY27         预约/预借

序号 登录号 条形码 馆藏地/架位号 状态 备注
1 7839364   278393640   学院路分馆/ [索取号:K825.6/JY27] 在馆    
2 7839365   278393659   学院路分馆/ [索取号:K825.6/JY27] 在馆    
唐山师范学院图书馆 欢迎您!
大连网信软件有限公司© 版权所有